Nuevo régimen legal del matrimonio civil : Ley 26.618 /

Guardado en:
Otros Autores: Ferrer, Francisco A. M., Galli Fiant, María Magdalena, Gitter, Andrés, Medina, Graciela, Méndez Costa, María Josefa, Natale, Roberto M., Rolando, Carlos H., Saux, Edgardo Ignacio
Formato: Libro
Idioma:Spanish
Publicado: Santa Fe : Rubinzal Culzoni, 2010.
Edición:1a. ed.
Materias:
Etiquetas: Agregar Etiqueta
Sin Etiquetas, Sea el primero en etiquetar este registro!
LEADER 00779nam a22002415a 4500
001 DER.der011246
008 180615s2010####ag#||||||||||||||#||spa||
005 20251215095954.0
245 1 0 |a Nuevo régimen legal del matrimonio civil :  |b Ley 26.618 /  |c Francisco A. M. Ferrer...[et. al.]. 
250 |a 1a. ed. 
260 |a Santa Fe :  |b Rubinzal Culzoni,  |c 2010. 
300 |a 468 p. 
020 |a 9789873001529 
700 1 |a Ferrer, Francisco A. M. 
700 1 |a Galli Fiant, María Magdalena 
700 1 |a Gitter, Andrés 
700 1 |a Medina, Graciela 
700 1 |a Méndez Costa, María Josefa 
700 1 |a Natale, Roberto M. 
700 1 |a Rolando, Carlos H. 
700 1 |a Saux, Edgardo Ignacio 
650 7 |a DERECHO DE FAMILIA 
859 |a DERECHO  |b BIB. DERECHO  |h 346  |i FER  |k 1.36  |p 006633  |t 1